000 00676cab a2200205 4500
001 ABS47998
008 090401t1993 xxu||||| |||| 00| 0 eng d
035 _a(Sirsi) u64361
041 _aeng
100 _aFrampton, R.
245 _aNewcomer steals a march on surveyors
260 _c1993
350 _a0
490 _aEstates Gazette
_v(9308) 27 February 1993, 30(1)
520 _aA profile of WS Atkins, the consultancy which has beaten major surveying firms in competitive tender for the management of public property portfolios in Oxfordshire and Surrey.
650 _aWS ATKINS
690 _aCOMMERCIAL PROPERTY-MANAGEMENT
942 _n0
948 _c04/03/1997
999 _c40083
_d40083